Новь (Запись № 7205436)

Подробности
000 -МАРКЕР
контрольное поле 01422nam1a22003011 4500
001 - ИДЕНТИФИКАТОР ЗАПИСИ
контрольное поле v19\rc\2006962
005 - ИДЕНТИФИКАТОР ВЕРСИИ
контрольное поле 20251118181334.8
035 ## - ДРУГИЕ СИСТЕМНЫЕ НОМЕРА
Идентификатор записи (NLR Aleph) 005081878
100 ## - ДАННЫЕ ОБЩЕЙ ОБРАБОТКИ
Данные общей обработки 20080811d1915 u y0rusy50 ca
101 0# - ЯЗЫК РЕСУРСА
Язык текста, звукозаписи и т.д. русский
102 ## - СТРАНА ПУБЛИКАЦИИ ИЛИ ПРОИЗВОДСТВА
Страна публикации Российская Федерация
105 ## - ПОЛЕ КОДИРОВАННЫХ ДАННЫХ: ТЕКСТОВЫЕ МАТЕРИАЛЫ, МОНОГРАФИЧЕСКИЕ
Кодированные данные о монографическом текстовом документе y z |||||
200 1# - ЗАГЛАВИЕ И СВЕДЕНИЯ ОБ ОТВЕТСТВЕННОСТИ
Основное заглавие Новь
Сведения, относящиеся к заглавию [Сборник. 1]-
Первые сведения об ответственности Ред. Ил. Соломин
210 ## - ПУБЛИКАЦИЯ, РАСПРОСТРАНЕНИЕ И ДР.
Место издания, распространения и т.д. Петроград
Имя издателя, распространителя и т. д. тип. "Грамотность"
Дата издания, распространения и т.д. 1915
215 ## - ФИЗИЧЕСКАЯ ХАРАКТЕРИСТИКА
Размеры 20
327 0# - ПРИМЕЧАНИЯ О СОДЕРЖАНИИ
Текст примечания Авт.: Е. Алелекова, Л. Борисов, К. Боженко, И. Горинтульский, И. Дракин, Ф. Другов, Т. Ефимова, Ю. Карпов, Б. Корнеев, М. Лихт и др.
464 #0 - АНАЛИТИЧЕСКИЙ УРОВЕНЬ
Встроенное поле 701#1$aАлелекова$bЕ.
-- 701#1$aБорисов$bЛ.
-- 701#1$aБоженко$bК.Н.$gКонстантин Николаевич
-- 701#1$aГоринтульский$bИ.
-- 701#1$aДракин$bИ.Н.$f1857-$gИван Николаевич
-- 701#1$aДругов$bФ.
-- 701#1$aЕфимова$bТ.
-- 701#1$aКарпов$bЮ.
-- 701#1$aКорнеев$bБ.И.$f1896-1958$gБорис Иванович
-- 701#1$aЛихт$bМ.
702 #1 - ИМЯ ЛИЦА - ВТОРИЧНАЯ ОТВЕТСТВЕННОСТЬ
Начальный элемент ввода Соломин
Часть имени, кроме начального элемента ввода Ил.
Код отношения Редактор
801 #0 - ИСТОЧНИК ЗАПИСИ
Страна Российская Федерация
Организация NLR
Правила каталогизации psbo
801 #0 - ИСТОЧНИК ЗАПИСИ
Страна Российская Федерация
Организация RuMoRGB
Источник данных psbo
801 #1 - ИСТОЧНИК ЗАПИСИ
Страна Российская Федерация
Организация ProSoft-M
Источник данных rusmarc
852 ## - МЕСТОНАХОЖДЕНИЕ И ШИФР ХРАНЕНИЯ
Идентификатор организации NLR
Шифр хранения (Call Number) 37.62.8.23
899 ## - ДАННЫЕ О МЕСТОНАХОЖДЕНИИ (устаревшее)
Местонахождение RuMoRGB
Шифр хранения V 85/8
899 ## - ДАННЫЕ О МЕСТОНАХОЖДЕНИИ (устаревшее)
Местонахождение RuMoRGB
Шифр хранения V 577/31
899 ## - ДАННЫЕ О МЕСТОНАХОЖДЕНИИ (устаревшее)
Местонахождение БАН
942 ## - ДОПОЛНИТЕЛЬНЫЕ ЭЛЕМЕНТЫ ЗАПИСИ (АБИС)
Тип экземпляра АБИС Книга
980 ## - КОЛЛЕКЦИЯ
Название коллекции Национальная библиография

Нет доступных экземпляров.